000 02145cam a22005054i 4500
003 PE-LiUPU
005 20250731165552.0
008 150625s r 000 0 d
035 _a(Sirsi) a34577
035 _a(Sirsi) a34577
040 _aPE-LiUPU
_bspa
_cPE-LiUPU
_erda
082 0 4 _a985.04
_bD
_223
245 0 0 _aRelaciones de viajeros :
_nVolumen 2. /
_cEstudio preliminar y compilación por Estuardo Nuñez.
264 1 _aLima :
_bComisión del Sesquicentenario de la Independencia del Perú,
_c[1971].
300 _a488 páginas ;
_c25 centímetros.
336 _atext
_2rdacontent
337 _aunmediated
_2rdamedia
338 _avolume
_2rdacarrier
490 0 _aColección Documental de la Independencia del Perú ;
_v27
500 _a"Año del sesquicentenario de la Independencia Nacional"
505 _aImpresiones de Lima entre 1822 y 1824, de James Thomson -- Remembranzas de Guayaquil (1822) Lima y Arica, de Gabriel Lafond de Lurcy -- El Perú entre 1823 y 1824, de Roberto Proctor, Esq -- Situación del Perú en 1823, de René P. Lesson -- El Perú en 1823, de Thomas Bennet -- Visita a Bolívar en Huaraz (1824), de Hiram Paulding -- Proceso de la independencia del Perú, de Ch. Sutclife.
526 _aSEG44
526 _aSEG26
526 _aP151
526 _aP150
526 _aP149
526 _aP146
526 _aP145
526 _aP126
526 _aP125
526 _aP92
526 _aP75
526 _aP74
526 _aP27
526 _aP15
650 0 4 _aViajeros
_zPerú
_xRelatos personales.
651 _aPerú
_xDescripciones y viajes
_ySiglos XIX-XX
651 _aPerú
_xHistoria
_yEmancipación, 1808-1824
_vFuentes.
700 1 _aNúñez, Estuardo,
_d1908- ,
_ecompilador.
710 2 _a.Comisión Nacional del Sesquicentenario de la Independencia del Perú
942 _2ddc
_cBK
949 _aRC 985.04 D 27 / 2
_wDEWEY
_c1
_i17055
_lRC
_mBUL
_r0
_sY
_tBOOK
_u2015-6-25
_xBIBLIOTECA
_zUNKNOWN
_0COMPRA
_o.CIRCNOTE. No olvidar cambiar la fecha de devolución!!!!!!!
_o.STAFF. Colección General
999 _c42448
_d42448
980 _81
_gALBERTO SANCHEZ Responsable de Automatización